| 000 | 00581nam a2200205Ia 4500 | ||
|---|---|---|---|
| 005 | 20250508152950.0 | ||
| 008 | 008 250505s9999 xx 000 0 hin d | ||
| 037 | _aTextual | ||
| 040 |
_aFEDL _beng _cFEDL |
||
| 041 |
_ahin _2eng |
||
| 084 |
_a371.3, YAD _qFEDL |
||
| 100 |
_aYadunandan K C _9762865 |
||
| 245 | 0 | _aNaveen shikshan paddati | |
| 260 |
_aKathmandu Nepal _bPrakashak Vibhag College of Education |
||
| 300 | _a237p | ||
| 650 | _aTeaching Technique | ||
| 700 |
_a Pant Ram Raj _9762866 |
||
| 942 |
_cTEXL _h371.3, YAD |
||
| 999 |
_c1339874 _d1339874 |
||